[Event "XXXVIII Abierto Internacional "]
[Site "Sevilla (SPAIN)"]
[Date "2013.01.12"]
[Round "2.5"]
[White "KHAMRAKULOV, Ibragim S"]
[Black "DHAR-BARUA, Saheli"]
[Result "1-0"]
[WhiteElo "2509"]
[BlackElo "2091"]
[Annotator "Montecatine,R"]
[PlyCount "39"]
[EventDate "2013.01.11"]

1. e4 e6 2. d4 d5 3. Nd2 Nf6 4. Bd3 c5 5. c3 Nc6 6. Ngf3 cxd4 7. cxd4 Be7 8. e5
Nd7 9. O-O O-O 10. Re1 f6 11. exf6 Bxf6 (11... Nxf6 $5) 12. Nf1 (12. Nb3) 12...
Re8 (12... e5 13. dxe5 Ndxe5 14. Nxe5 Bxe5 $11) 13. a3 (13. Ne3 $14) 13... Nf8
(13... Kh8) 14. Ne3 {Diagrama #} Qb6 $2 (14... Nxd4 15. Nxd4 Bxd4 16. Bxh7+
Nxh7 17. Qxd4 Nf6 $14) 15. Nxd5 $18 exd5 16. Rxe8 Kf7 17. Re1 Nxd4 18. Ng5+ Kg8
19. Nxh7 Bd7 20. Qh5 1-0

[Event "XXXVIII Abierto Internacional "]
[Site "Sevilla (SPAIN)"]
[Date "2013.01.12"]
[Round "2.9"]
[White "LALIC, Bogdan"]
[Black "FERNANDEZ RUIZ, Manuel Alejand"]
[Result "1-0"]
[WhiteElo "2484"]
[BlackElo "2057"]
[Annotator "Montecatine,R"]
[PlyCount "35"]
[EventDate "2013.01.11"]

1. d4 Nf6 2. c4 c5 3. d5 e6 4. Nc3 exd5 5. cxd5 d6 6. e4 g6 7. f4 Qe7 $6 (7...
Bg7) 8. Nf3 Bg4 (8... Nxe4 $2 9. Qa4+) (8... Bg7 9. Bd3 O-O 10. O-O $14) 9. e5
$6 (9. Bb5+ Nbd7 10. O-O) 9... dxe5 10. fxe5 Bxf3 11. Qxf3 Qxe5+ (11... Nbd7
12. Bf4 Nxe5 $11) 12. Kd1 Nbd7 13. Bf4 {Diagrama #} Qd4+ $2 (13... Qh5 $11) 14.
Kc2 $18 O-O-O (14... Bg7 15. Re1+ Kf8 16. Bb5 $18) 15. Nb5 Qa4+ 16. b3 Qa5 17.
Bc7 Nb6 18. Bxd8 1-0

[Event "XXXVIII Abierto Internacional "]
[Site "Sevilla (SPAIN)"]
[Date "2013.01.12"]
[Round "2.10"]
[White "MORALES BARRERA, Raul"]
[Black "FERNANDEZ ROMERO, Ernesto"]
[Result "0-1"]
[WhiteElo "2108"]
[BlackElo "2480"]
[Annotator "Montecatine,R"]
[PlyCount "44"]
[EventDate "2013.01.11"]

1. d4 d5 2. c4 Nc6 3. cxd5 Qxd5 4. e3 e5 5. Nc3 Bb4 6. Bd2 Bxc3 7. bxc3 Nf6 8.
f3 e4 (8... Qd6 9. Bd3 O-O 10. Ne2 Re8 11. O-O $14) 9. Qb3 Qd6 10. Qb1 (10. c4
O-O 11. f4 a5 $1 12. a3 Re8 13. Ne2 Bd7 14. Bc3 a4 $1 15. Qc2 Na5 16. Nc1 b6
17. Be2 Ng4 18. Bxg4 Bxg4 $11 {
Hoang Than Trang-Botsari Miladinovic,A/Elista 1998}) 10... Bf5 (10... Qe7 $5)
11. Qb5 (11. Ne2 Bg6 12. Qb3 O-O 13. Nf4 Na5 $6 14. Qb4 $14 Nc6 15. Qxd6 cxd6
16. h4 $1 exf3 17. gxf3 Nh5 18. Nxg6 hxg6 19. Rg1 Rac8 20. c4 Ne7 21. Rb1 $16
Nf5 $2 22. Rxb7 Nxh4 23. Kf2 Rb8 24. Rb3 Rb6 25. Bd3 Rfb8 26. Rgb1 Kf8 $2 27.
Bb4 $18 Ke7 28. Bxd6+ $1 {1-0 Smirin,I-Vallejo Pons,F/Leon 2001}) 11... Bg6 12.
Be2 a6 13. Qb2 (13. Qxb7 $5 O-O 14. Qb3 Rfb8 15. Qa4) 13... O-O 14. Nh3 Rfe8
15. f4 (15. O-O) 15... Bf5 16. Nf2 b5 17. a4 b4 18. cxb4 Nxd4 {Diagrama #} 19.
Bc3 $2 (19. Qxd4 Qxd4 20. exd4 e3 21. Bc1 exf2+ 22. Kxf2 $11) 19... Nxe2 20.
Bxf6 $6 (20. Kxe2 Rab8 $15) 20... Nxf4 $17 21. O-O $2 (21. Bxg7 Nxg2+ 22. Ke2
Re6 $17) 21... Qxf6 $19 22. Qxf6 Ne2+ 0-1

[Event "XXXVIII Abierto Internacional "]
[Site "Sevilla (SPAIN)"]
[Date "2013.01.12"]
[Round "2.14"]
[White "SANTOS RUIZ, Miguel"]
[Black "MELLADO TRIVINO, Juan"]
[Result "1-0"]
[WhiteElo "2078"]
[BlackElo "2436"]
[Annotator "Montecatine,R"]
[PlyCount "55"]
[EventDate "2013.01.11"]

1. e4 c5 2. Nf3 Nc6 3. Bb5 Qb6 4. Nc3 e6 5. Bxc6 Qxc6 6. O-O a6 7. d4 cxd4 8.
Nxd4 Qc7 9. Re1 b5 10. Bg5 f6 11. Bh4 Bb4 (11... Bd6) 12. Nf5 (12. Qg4 g6 13.
e5 Bxc3 14. bxc3 fxe5 15. Rad1) 12... Bxc3 13. bxc3 Kf8 (13... exf5 14. exf5+
Kd8 15. Qe2 Qc4 16. Qe8+ Kc7 17. Bg3+ Kb7 18. Rad1) (13... g6 14. Nd6+ Kf8 15.
Re3) 14. Bg3 Qc6 (14... e5 15. Nd6 Qc5 16. a4) 15. Bd6+ (15. Nd4 Qb6 16. a4)
15... Kf7 16. Nxg7 Kxg7 (16... Ne7 17. Nh5 Rg8) 17. Qg4+ Kf7 18. Qh5+ Kg7 19.
Rad1 Bb7 20. Re3 Qxe4 21. Rxe4 Bxe4 22. Qg4+ (22. Bf8+ Kxf8 23. Rxd7 Ne7 24.
Qc5 Re8 25. Qd4) 22... Bg6 23. Bb4 Ra7 24. Qd4 Rb7 25. Qd6 Nh6 26. Qxa6 Rhb8
27. Bd6 Rb6 28. Qa3 1-0

[Event "XXXVIII Abierto Internacional "]
[Site "Sevilla (SPAIN)"]
[Date "2013.01.12"]
[Round "2.2"]
[White "MCMAHON, Daire"]
[Black "MATAMOROS FRANCO, Carlos S"]
[Result "0-1"]
[WhiteElo "2147"]
[BlackElo "2538"]
[Annotator "Montecatine,R"]
[PlyCount "74"]
[EventDate "2013.01.11"]

1. d4 Nf6 2. c4 g6 3. Nc3 Bg7 4. e4 d6 5. Be2 O-O 6. Bg5 Na6 7. Qd2 e5 8. d5 c6
9. f3 cxd5 10. cxd5 Bd7 11. Bxa6 bxa6 12. Nge2 Qb6 13. Be3 Qb7 14. O-O Ne8 15.
Rac1 f5 16. exf5 gxf5 17. f4 (17. Bg5 $5) 17... Nf6 18. Kh1 Kh8 19. h3 (19.
fxe5 dxe5 20. Bg5 $14) 19... Nh5 20. Kh2 (20. fxe5 dxe5 21. Bh6) 20... Rae8 21.
Rce1 Rf7 22. fxe5 Bxe5+ 23. g3 Rg7 24. Rf3 Qb4 25. Nf4 Rxg3 26. Rxg3 Nxf4 27.
Kh1 Ng6 (27... Nh5) 28. Bf2 (28. Rf3 $11) 28... Qh4 (28... Bxg3 29. Rxe8+ Bxe8
30. Bxg3 Bf7 $15) 29. Rd3 Qh5 30. Qe2 Qh6 31. Qf3 Rb8 32. b3 Rb4 33. Ne2 Nh4
34. Qe3 f4 35. Qd2 Rb8 $6 (35... Re4) 36. Nd4 (36. Nxf4 $16 Bxf4 $2 37. Qc3+
Kg8 38. Qc7 $18) 36... Nf5 37. Nxf5 {Diagrama #} Bxf5 (37... Bxf5 {0-1?} 38.
Bd4 Bxd3 39. Rxe5 Qxh3+ 40. Qh2 Qxh2+ 41. Kxh2 Kg8 42. Re6 $11) 0-1

[Event "XXXVIII Abierto Internacional "]
[Site "Sevilla (SPAIN)"]
[Date "2013.01.12"]
[Round "2.4"]
[White "GUTIERREZ VALERO, Mario"]
[Black "HASLINGER, Stewart G"]
[Result "0-1"]
[WhiteElo "2131"]
[BlackElo "2535"]
[Annotator "Doe,John"]
[PlyCount "88"]
[EventDate "2013.01.11"]

1. d4 d5 2. Nf3 Nf6 3. c4 c6 4. Nc3 a6 5. Ne5 e6 6. cxd5 exd5 7. Bg5 Be7 8. e3
Nbd7 9. f4 Nxe5 {Diagrama #} 10. fxe5 (10. dxe5 Ng4 11. Bxe7 Qxe7 12. Qd2 $11)
10... Ng4 11. Bxe7 Qxe7 12. Qf3 O-O 13. Bd3 (13. h3) 13... f6 $15 14. O-O Bd7 (
14... fxe5 $2 15. Qxf8+ Qxf8 16. Bxh7+ $18) 15. e6 Bxe6 16. Rae1 Qd6 17. Qf4
Rad8 18. Na4 Bc8 19. Nc5 (19. Nb6) 19... Qxf4 20. exf4 (20. Rxf4 Nh6 21. h3 Nf7
22. g4 $15) 20... Rfe8 21. h3 Nh6 22. g4 Nf7 23. Kg2 Nd6 24. Kf3 g6 25. Rxe8+
Rxe8 26. Rc1 Kf7 27. a4 h5 28. b4 Rh8 29. Kg3 hxg4 30. hxg4 f5 31. g5 Ne4+ 32.
Bxe4 (32. Kf3 Rh3+ 33. Ke2 $17) 32... fxe4 $19 33. b5 Rh3+ 34. Kg2 Rh4 35. bxa6
bxa6 36. Rb1 Rg4+ 37. Kf2 Rxf4+ 38. Ke1 e3 39. Rb8 Bg4 40. Nd3 Rxd4 41. Ne5+
Ke6 42. Re8+ Kd6 43. Nf7+ Kc5 44. Rxe3 Rxa4 0-1

[Event "XXXVIII Abierto Internacional "]
[Site "Sevilla (SPAIN)"]
[Date "2013.01.12"]
[Round "2.6"]
[White "MORALES ARAUJO, Francisco Javi"]
[Black "PEREZ MITJANS, Orelvis"]
[Result "0-1"]
[WhiteElo "2112"]
[BlackElo "2496"]
[Annotator "Doe,John"]
[PlyCount "86"]
[EventDate "2013.01.11"]

1. d4 d5 2. c4 Nc6 3. Nc3 dxc4 4. Nf3 a6 5. d5 Na7 6. a4 e6 7. e4 Nf6 8. Bxc4
$14 Be7 9. Bg5 exd5 (9... Nxd5 10. exd5 Bxg5 11. O-O O-O 12. dxe6 fxe6 13. Qb3
$14) 10. exd5 Bg4 11. O-O O-O 12. Re1 Nc8 13. Qd3 h6 14. Bf4 Bxf3 15. Qxf3 Nb6
16. Bb3 Bd6 17. Rad1 Nbd7 18. Bc2 (18. a5) 18... Re8 19. Bxd6 cxd6 20. Ne4 Qb6
$11 21. b3 (21. Qa3) 21... Nxe4 22. Bxe4 Nf6 23. Bf5 Qb4 24. Kf1 a5 25. Bd3
Rac8 26. Bc4 Nd7 27. Rxe8+ (27. Bb5 Rxe1+ 28. Rxe1 Ne5 29. Qf5 $11) 27... Rxe8
28. Bb5 Ne5 29. Qe3 Rc8 30. Re1 Rc2 $15 (30... Rc3) 31. f4 Rc3 {Diagrama #} 32.
Qxc3 $2 (32. Qe4 Qxe4 33. Rxe4 f5 34. Re1 Ng4 35. Re8+ $11) 32... Qxc3 33. fxe5
Qc7 34. e6 Qe7 35. Bc4 h5 36. Kg1 g5 37. Rf1 $2 (37. Kh1 $17) 37... fxe6 38.
dxe6 d5 39. Bxd5 Qc5+ 40. Rf2 Qxd5 41. e7 Qd1+ 42. Rf1 Qd4+ 43. Rf2 Qe3 0-1

[Event "XXXVIII Abierto Internacional "]
[Site "Sevilla (SPAIN)"]
[Date "2013.01.12"]
[Round "2.7"]
[White "CAMPORA, Daniel H"]
[Black "JUSTINIANO MARQUEZ, Marco Ant"]
[Result "1-0"]
[WhiteElo "2490"]
[BlackElo "2078"]
[Annotator "Montecatine,R"]
[PlyCount "41"]
[EventDate "2013.01.11"]

1. e4 d5 2. exd5 Qxd5 3. Nc3 Qa5 4. Nf3 Nf6 5. d4 Bg4 6. h3 Bh5 7. g4 Bg6 8.
Bg2 Nc6 9. O-O O-O-O 10. Qe2 Rxd4 (10... Nxd4 11. Nxd4 Rxd4 12. Be3 Rd8 13. b4
$16) (10... e6) 11. Be3 Rb4 (11... Rd8 12. a3 Ne4 13. Nxe4 Bxe4 14. b4 Qa4 15.
b5 Na5 16. Rfd1 $16) 12. Rfb1 Ne4 13. Nh4 Nxc3 14. bxc3 Rxb1+ 15. Rxb1 Qa4 (
15... e6) 16. Nxg6 hxg6 17. Qf3 {Diagrama #} f6 $2 (17... Qc4 18. Bxa7 e5 19.
Be3 Be7 $11) 18. Qd5 $18 e5 19. Qe6+ Kd8 20. Rxb7 Bd6 21. Bxc6 1-0

[Event "XXXVIII Abierto Internacional "]
[Site "Sevilla (SPAIN)"]
[Date "2013.01.12"]
[Round "2.8"]
[White "COIMBRA, Margarida"]
[Black "HERRAIZ HIDALGO, Herminio"]
[Result "0-1"]
[WhiteElo "2110"]
[BlackElo "2488"]
[Annotator "Doe,John"]
[PlyCount "78"]
[EventDate "2013.01.11"]

1. e4 c5 2. c3 d5 3. exd5 Qxd5 4. d4 Nf6 5. Nf3 e6 6. Be3 Nc6 7. Na3 cxd4 8.
Nb5 Qd7 9. Nbxd4 a6 10. Qa4 Nxd4 11. Qxd7+ Nxd7 12. Bxd4 f6 13. Bc4 e5 14. Be3
Bc5 15. Bxc5 Nxc5 16. O-O-O Be6 17. Bxe6 Nxe6 $11 18. Rd2 Ke7 19. Rhd1 Rhd8 20.
Rxd8 Nxd8 21. Nd2 Rc8 22. Ne4 (22. Kc2) 22... Nf7 23. b3 (23. f3 f5 24. Nf2 Nd6
$15) 23... f5 24. Ng3 g6 25. Kb2 e4 26. Ne2 Ne5 27. Kc2 Ng4 28. Rf1 Rd8 {
Diagrama #} 29. h3 $2 (29. Nd4 $15) 29... Nxf2 $19 30. Nd4 (30. Rxf2 e3 31. Rf3
Rd2+ 32. Kc1 Rxe2 $19) 30... Nd3 31. g4 f4 32. g5 Kd6 33. h4 Ke5 34. Ne2 f3 35.
Nd4 Nb4+ 36. Kb2 Rxd4 37. cxd4+ Kf4 38. a3 e3 39. axb4 e2 0-1

[Event "XXXVIII Abierto Internacional "]
[Site "Sevilla (SPAIN)"]
[Date "2013.01.12"]
[Round "2.11"]
[White "GONZALEZ PEREZ, Arian"]
[Black "PENA DIEGUEZ, Manuel"]
[Result "1-0"]
[WhiteElo "2473"]
[BlackElo "2044"]
[Annotator "Doe,John"]
[PlyCount "72"]
[EventDate "2013.01.11"]

1. d4 e6 2. e4 d5 3. Nc3 Bb4 4. e5 c5 5. a3 Bxc3+ 6. bxc3 Nc6 7. Qg4 Nge7 8.
Qxg7 Rg8 9. Qxh7 cxd4 10. cxd4 Nxd4 11. Qd3 Nec6 12. f4 Qh4+ $2 (12... Qb6) 13.
g3 {Diagrama #} Rxg3 $2 14. Qxg3 $18 Qxg3+ 15. hxg3 Nxc2+ 16. Kd2 Nxa1 17. Rh8+
Ke7 18. Kc3 Na5 19. f5 exf5 20. Bb5 Nc6 21. Bg5+ Kd7 22. Kb2 a6 23. Bxc6+ bxc6
24. Rd8+ Kc7 25. Rf8 Rb8+ 26. Kxa1 Rb3 27. Rxf7+ Kb6 28. Ne2 Rxa3+ 29. Kb2 Rf3
30. Bf4 c5 31. Nc3 Rf2+ 32. Kb3 d4 33. Na4+ Kb5 34. Nxc5 Kxc5 35. Rc7+ Kb5 36.
Rxc8 a5 1-0

[Event "XXXVIII Abierto Internacional "]
[Site "Sevilla (SPAIN)"]
[Date "2013.01.12"]
[Round "2.12"]
[White "ORTEGA VALLE, Jose Ramon"]
[Black "DAS, Arghyadip"]
[Result "0-1"]
[WhiteElo "2088"]
[BlackElo "2466"]
[Annotator "Doe,John"]
[PlyCount "94"]
[EventDate "2013.01.11"]

1. Nf3 d5 2. g3 Nc6 3. Bg2 e5 4. d3 g6 5. O-O Bg7 6. Nbd2 Nge7 7. e4 O-O 8. Re1
Re8 9. h3 h6 10. exd5 Nxd5 11. Nc4 Nb6 12. Nxb6 (12. Ne3) 12... axb6 13. a3 Be6
$15 14. Nh2 (14. Be3) 14... f5 15. Rb1 Ba2 16. Ra1 Bf7 $17 17. g4 Qd7 18. Bd2
Rad8 19. Bc3 Qc8 (19... Nd4) 20. Qf3 Kh7 (20... Rd6) 21. h4 Be6 (21... Nd4) 22.
g5 $6 (22. gxf5) 22... hxg5 23. hxg5 Kg8 24. Nf1 Rd7 $17 {Diagrama #} 25. Qg3 (
25. Nd2) 25... Nd4 $19 26. Bxd4 Rxd4 27. Nh2 c6 28. c3 Rd7 29. Rad1 Qd8 30. Nf3
e4 31. Nh4 Bf7 32. Bf1 Be5 33. f4 exf3 34. Rxe5 Rxe5 35. Qxe5 Qxg5+ 36. Kf2
Qxh4+ 37. Qg3 Qxg3+ 38. Kxg3 g5 39. d4 Kg7 40. Re1 Kf6 41. Kxf3 Bd5+ 42. Kf2 f4
43. Bg2 Bxg2 44. Kxg2 Re7 45. Rh1 g4 46. Rh6+ Kg5 47. Rh8 Re2+ 0-1

[Event "XXXVIII Abierto Internacional "]
[Site "Sevilla (SPAIN)"]
[Date "2013.01.12"]
[Round "2.13"]
[White "ROY CHOWDHURY, Saptarshi"]
[Black "CASTILLO GOMEZ, Jesus"]
[Result "1-0"]
[WhiteElo "2451"]
[BlackElo "2041"]
[Annotator "Doe,John"]
[PlyCount "93"]
[EventDate "2013.01.11"]

1. e4 c6 2. Ne2 d5 3. e5 c5 4. d4 Nc6 5. c3 e6 6. Be3 Nge7 7. Ng3 Bd7 8. Be2
Ng6 9. O-O cxd4 10. cxd4 Be7 11. Nc3 Nh4 12. a3 f6 13. f4 O-O 14. Qd2 g6 15.
Rae1 a6 16. Kh1 Rc8 17. Bd3 Na5 18. f5 Nc4 19. Bxc4 Rxc4 20. Bh6 {Diagrama #}
Nxf5 (20... Re8) 21. Nxf5 gxf5 22. Bxf8 Bxf8 23. b3 Rc7 24. Rf3 $14 fxe5 25.
dxe5 $14 Be8 (25... Kh8) 26. Ne2 $16 Bg7 27. Nd4 Qe7 28. Rc3 Bc6 (28... Rxc3
29. Qxc3 Bh6) 29. b4 $18 Qf7 30. Qe2 Kh8 31. Rec1 Bh6 32. R1c2 f4 33. Nxc6 Rxc6
34. Rxc6 bxc6 35. Rxc6 Qf5 36. h3 f3 37. Qxf3 Bf4 38. Rc8+ Kg7 39. Qg4+ Qxg4
40. hxg4 Bxe5 41. Rc6 Kf6 42. Kg1 Bf4 43. Kf2 Ke5 44. Ke2 d4 45. Kd3 Be3 46.
Rxa6 Kd5 47. Ra5+ 1-0

[Event "XXXVIII Abierto Internacional "]
[Site "Sevilla (SPAIN)"]
[Date "2013.01.12"]
[Round "2.15"]
[White "BRUNO, Fabio"]
[Black "GAVIRA GALOCHA, Antonio Jesus"]
[Result "1-0"]
[WhiteElo "2434"]
[BlackElo "2024"]
[Annotator "Doe,John"]
[PlyCount "72"]
[EventDate "2013.01.11"]

1. d4 d5 2. Nf3 Nf6 3. c4 e6 4. Nc3 c6 5. e3 Nbd7 6. Qc2 Bd6 7. Be2 a6 8. O-O
O-O 9. e4 dxe4 10. Nxe4 Nxe4 11. Qxe4 Re8 12. Bd3 Nf8 13. c5 Bb8 14. Re1 Qd5
15. Qh4 f6 16. Be4 Qd8 17. Qh5 Re7 18. Bc2 Bd7 19. Bb3 Be8 20. Qg4 Kh8 21. Bf4
Bf7 22. Rad1 Qe8 23. Bxb8 Rxb8 24. Qf4 Rd8 25. h3 Bh5 26. g4 Bf7 27. Qg3 Ng6
28. h4 e5 29. Bxf7 Qxf7 30. dxe5 Rxd1 31. Rxd1 {Diagrama #} fxe5 $2 (31... Nxe5
$14) 32. h5 $18 Nf4 33. Rd8+ Re8 34. Nxe5 Ne2+ 35. Kh2 Qf8 36. Rxe8 Qxe8 1-0

[Event "XXXVIII Abierto Internacional "]
[Site "Sevilla (SPAIN)"]
[Date "2013.01.12"]
[Round "2.16"]
[White "MONTERO CAMPUZANO, Rafael"]
[Black "BELEZKY, Alexander"]
[Result "0-1"]
[WhiteElo "2072"]
[BlackElo "2427"]
[Annotator "Doe,John"]
[PlyCount "95"]
[EventDate "2013.01.11"]

1. e4 c5 2. Nf3 d6 3. d4 cxd4 4. Nxd4 Nf6 5. Nc3 g6 6. Bc4 Bg7 7. h3 O-O 8. Bb3
Na6 9. O-O Nc5 10. Re1 Nxb3 11. Nxb3 h6 12. Be3 Kh7 13. Bd4 Bd7 14. Nd5 e5 15.
Nxf6+ Bxf6 16. Be3 Bc6 17. Qd2 Bg7 18. f3 f5 19. Na5 fxe4 20. Nxc6 bxc6 21.
fxe4 d5 22. Bc5 Rf7 23. c4 d4 24. Rf1 Rb7 25. Rf3 Qh4 26. Qe2 Rd8 27. b3 Rdd7
28. Raf1 Qd8 29. Qd2 Qe8 30. Qf2 Kg8 31. Qg3 Qe6 32. Bf8 Rf7 33. Bc5 Rxf3 34.
Rxf3 a6 35. Qf2 Rd7 36. Kf1 Qe8 37. Qd2 Qd8 38. a4 Kh7 39. a5 Qh4 40. Qe2 h5
41. b4 g5 42. Qd3 g4 43. Rf5 Bh6 {Diagrama #} 44. hxg4 $2 (44. b5 cxb5 45. cxb5
axb5 46. Qxb5) 44... Qh1+ $19 45. Kf2 (45. Ke2 Qxg2+ 46. Rf2 Qxg4+ 47. Qf3 d3+)
45... Be3+ 46. Kg3 Qe1+ 47. Kh3 hxg4+ 48. Kxg4 (48. Kxg4 Rg7+) 0-1

[Event "XXXVIII Abierto Internacional "]
[Site "Sevilla (SPAIN)"]
[Date "2013.01.12"]
[Round "2.17"]
[White "BARUA, Dibyendu"]
[Black "SILVA LUCENA, Cristian"]
[Result "1-0"]
[WhiteElo "2413"]
[BlackElo "2006"]
[Annotator "Doe,John"]
[PlyCount "101"]
[EventDate "2013.01.11"]

1. e4 c5 2. Nf3 d6 3. Be2 Nf6 4. c3 Nbd7 5. d3 b6 6. O-O Bb7 7. Nbd2 g6 8. Re1
Bg7 9. Bf1 O-O 10. a4 a6 11. d4 e6 12. Bd3 cxd4 13. cxd4 Rc8 14. b3 Rc3 15. Bb1
Qb8 16. Bb2 Rcc8 17. Nf1 Rfd8 18. Ng3 Qa8 19. h4 h5 20. Ng5 Nf8 21. Qe2 N6h7
22. f4 Nxg5 23. fxg5 e5 24. d5 Rc7 25. Nf1 Bc8 (25... Nd7) 26. Ne3 $14 {
Diagrama #} Qb7 (26... Nd7) 27. Nc4 $16 b5 28. axb5 axb5 29. Na5 Qb6+ 30. Qf2
Qxf2+ 31. Kxf2 Bd7 $6 32. Ba3 $18 Be8 33. Bd3 Rc3 34. Ke2 f6 35. Bb4 Rc7 36.
Rec1 Ra7 37. Bd2 Rda8 38. b4 f5 39. Be3 fxe4 40. Bxe4 Ra6 41. Rc7 Bd7 42. Rac1
Rxa5 43. bxa5 Rxa5 44. Ra7 Ra4 45. Kd3 Kf7 46. Rcc7 Ke7 47. Rxa4 bxa4 48. Ra7
Kd8 49. Kc4 Kc8 50. Kb4 Bh8 51. Ra8+ 1-0

[Event "XXXVIII Abierto Internacional "]
[Site "Sevilla (SPAIN)"]
[Date "2013.01.12"]
[Round "2.18"]
[White "LOPEZ RODRIGUEZ, Fernando"]
[Black "POGORELOV, Ruslan"]
[Result "0-1"]
[WhiteElo "2065"]
[BlackElo "2409"]
[Annotator "Doe,John"]
[PlyCount "69"]
[EventDate "2013.01.11"]

1. d4 Nf6 2. c4 e6 3. g3 c5 4. Nf3 cxd4 5. Nxd4 d5 6. Bg2 e5 7. Nc2 d4 8. O-O
Nc6 9. b4 Be7 10. f4 e4 11. b5 Na5 12. Qxd4 Qxd4+ 13. Nxd4 Nxc4 14. Nc3 Bb4 15.
Na4 O-O 16. Rb1 Ba5 17. h3 (17. Nb3) 17... Rd8 $15 18. e3 (18. Nb3) 18... h5 (
18... Nd5) 19. Kf2 a6 20. bxa6 Rxa6 21. Nc5 Ra7 22. a4 Bb6 23. Rb4 Bxc5 24.
Rxc4 Bxd4 25. exd4 (25. Rd1 Bd7 26. Rcxd4 Rc8 27. Rxd7 Nxd7 28. Rxd7 Rxc1 29.
Bxe4 $14) 25... Bd7 $15 26. Ba3 (26. Re1) 26... Bxa4 27. Bc5 Ra6 28. Rb1 Bc6
29. Rc2 Rda8 30. Bf1 Ra2 31. Rcb2 Rxb2+ 32. Rxb2 Nd7 33. Bd6 Ra4 34. Ke3 Nf6
$15 {Diagrama #} 35. Bb4 $4 (35. Bb4 Rxb4) 0-1

[Event "XXXVIII Abierto Internacional "]
[Site "Sevilla (SPAIN)"]
[Date "2013.01.12"]
[Round "2.19"]
[White "KJARTANSSON, Gudmundur"]
[Black "COBA MONCADA, Jacinto"]
[Result "1-0"]
[WhiteElo "2408"]
[BlackElo "2005"]
[Annotator "Doe,John"]
[PlyCount "97"]
[EventDate "2013.01.11"]

1. Nf3 d6 2. d4 Nf6 3. g3 Nbd7 4. Bg2 c6 5. c4 e5 6. Nc3 Be7 7. e4 O-O 8. O-O
Qc7 9. h3 Re8 10. Be3 Bf8 11. a3 a6 12. Rc1 g6 13. c5 dxc5 14. dxe5 Nh5 15. g4
Ng7 16. Bf4 Ne6 17. Bg3 Bh6 18. g5 $6 (18. Rc2) 18... Bg7 $15 19. Ne2 b6 (19...
Nxe5 20. Nxe5 Bxe5 21. f4 Rd8 22. Qe1 Bd6 $17) 20. Nh2 Bxe5 21. f4 Bd4+ 22. Kh1
Qd8 (22... Qa7) 23. Nxd4 Nxd4 $6 (23... cxd4) 24. Ng4 $16 f6 $2 25. f5 $14 (25.
Bf2 $18) 25... fxg5 26. fxg6 hxg6 27. Bd6 Re6 28. e5 Kg7 29. b4 {Diagrama #}
Rxd6 $2 (29... Ra7 $14) 30. exd6 $18 Nf5 31. Qd3 Qf8 32. Rce1 Nf6 33. Nxf6 Qxf6
34. d7 Bxd7 35. Qxd7+ Kh6 36. Rxf5 Qxf5 37. Qxf5 gxf5 38. Re6+ Kh5 39. Rxc6
cxb4 40. axb4 Rb8 41. Rf6 f4 42. Bf3+ g4 43. hxg4+ Kg5 44. Rf5+ Kg6 45. Rxf4 a5
46. bxa5 bxa5 47. Kg2 Rb2+ 48. Kg3 Rb1 49. Be4+ 1-0

[Event "XXXVIII Abierto Internacional "]
[Site "Sevilla (SPAIN)"]
[Date "2013.01.12"]
[Round "2.20"]
[White "RAMIREZ GUERRERO, Enrique"]
[Black "PISCOPO, Pierluigi"]
[Result "0-1"]
[WhiteElo "2045"]
[BlackElo "2407"]
[Annotator "Doe,John"]
[PlyCount "66"]
[EventDate "2013.01.11"]

1. d4 Nf6 2. c4 c5 3. e3 g6 4. Nf3 Bg7 5. Be2 cxd4 6. exd4 d5 7. c5 O-O 8. O-O
Nc6 9. Nc3 Ne4 10. Be3 f5 11. g3 h6 12. Nxe4 dxe4 13. Ne5 Kh7 14. Nxc6 bxc6 15.
Qa4 Rb8 16. Rab1 Be6 17. Bc4 $6 (17. b4) 17... Bxc4 18. Qxc4 g5 19. f4 exf3 20.
Rxf3 Qd7 21. b3 Rbd8 22. Rbf1 e6 {Diagrama #} 23. Rd1 $6 e5 24. Rdf1 exd4 25.
Rd1 Qd5 26. Qxd5 Rxd5 27. Bf2 Rxc5 28. Rfd3 Rd5 29. b4 Rb8 30. Rc1 Rxb4 31.
Rxc6 Rb1+ 32. Kg2 Rb2 33. Ra6 Rd7 0-1

[Event "XXXVIII Abierto Internacional "]
[Site "Sevilla (SPAIN)"]
[Date "2013.01.13"]
[Round "3.1"]
[White "BARRERO GARCIA, Carlos"]
[Black "MIRZOEV, Azer"]
[Result "1/2-1/2"]
[WhiteElo "2350"]
[BlackElo "2547"]
[Annotator "Montecatine,R"]
[PlyCount "33"]
[EventDate "2013.01.11"]

1. d4 Nf6 2. c4 e6 3. Nc3 d5 4. cxd5 exd5 5. Bg5 c6 6. e3 Be7 7. Bd3 Bg4 8. Qc2
Bh5 9. Bxf6 Bxf6 10. f4 $5 c5 $5 11. dxc5 Nc6 (11... d4 12. exd4 Qxd4 13. Ne4
O-O 14. Ne2 Bxe2 15. Kxe2 Nc6 16. Rhd1 $14) 12. h3 $6 (12. Be2 $14) 12... Bh4+
13. Kf1 d4 14. Nb5 dxe3 15. Nd6+ Kf8 16. g4 Be7 {Diagrama #} 17. Ne2 $2 (17.
gxh5 $5 Bxd6 18. cxd6 Qxd6 19. Be2 (19. Ne2 $6 Nb4) 19... Nd4 20. Qa4 Qxf4+ 21.
Nf3 Nxe2 22. Qa3+ Kg8 23. Kxe2 $16) (17. Ne2 Bxd6 18. cxd6 Qh4 $17 19. Rh2 Bxg4
20. Kg1 Bxe2 21. Qxe2 Qxf4 $17) 1/2-1/2

[Event "XXXVIII Abierto Internacional "]
[Site "Sevilla (SPAIN)"]
[Date "2013.01.13"]
[Round "3.9"]
[White "ARANAZ MURILLO, Amalia"]
[Black "LALIC, Bogdan"]
[Result "1/2-1/2"]
[WhiteElo "2251"]
[BlackElo "2484"]
[Annotator "de,Universidad"]
[PlyCount "49"]
[EventDate "2013.01.11"]

1. Nf3 d5 2. c4 dxc4 3. e3 Be6 4. Na3 Nf6 5. Nxc4 g6 6. b3 Bg7 7. Bb2 c5 8. Be2
Nc6 9. O-O O-O 10. d4 cxd4 11. Nxd4 Nxd4 12. Bxd4 Ne4 $11 13. Bxg7 Kxg7 14. Qc1
Bxc4 15. Qxc4 Nd6 16. Qd4+ f6 17. Rfd1 Qa5 18. a4 Rfd8 19. h4 Rac8 20. b4 Qb6
21. Qxb6 axb6 22. Rac1 f5 23. a5 bxa5 24. bxa5 Kf6 25. a6 {Diagrama #} 1/2-1/2

[Event "XXXVIII Abierto Internacional "]
[Site "Sevilla (SPAIN)"]
[Date "2013.01.13"]
[Round "3.2"]
[White "MATAMOROS FRANCO, Carlos S"]
[Black "ALVAREZ FERNANDEZ, Enrique"]
[Result "1-0"]
[WhiteElo "2538"]
[BlackElo "2350"]
[Annotator "Montecatine,R"]
[PlyCount "57"]
[EventDate "2013.01.11"]

1. Nf3 d5 2. c4 c6 3. g3 Nf6 4. Bg2 Bf5 5. cxd5 cxd5 6. Qb3 Qb6 7. Qxb6 axb6 8.
Nc3 Nc6 9. d3 e6 10. O-O h6 11. Nb5 Kd7 12. Bf4 Bc5 13. a3 Rhc8 (13... Ra5) 14.
b4 Be7 15. Rfd1 g5 16. Bd2 Bh7 (16... e5 $5 $11) 17. Rac1 Ne8 18. e4 Nd6 19.
exd5 exd5 20. Nc3 (20. Nxd6 Bxd6 21. h4 $14) 20... Rxa3 21. Nxd5 Bd8 22. Be3 b5
23. Bc5 $14 {Diagrama #} Bf5 $6 (23... Rca8) 24. d4 $16 f6 (24... Be4 25. Ne5+
Ke6 26. Nc3 Bxg2 27. Kxg2 $18) 25. Ne3 Rxe3 26. fxe3 Nc4 27. d5 N6e5 28. Nxe5+
fxe5 29. Rf1 1-0

[Event "XXXVIII Abierto Internacional "]
[Site "Sevilla (SPAIN)"]
[Date "2013.01.13"]
[Round "3.8"]
[White "HERRAIZ HIDALGO, Herminio"]
[Black "SGNAOLIN, Davide"]
[Result "1/2-1/2"]
[WhiteElo "2488"]
[BlackElo "2269"]
[Annotator "Montecatine,R"]
[PlyCount "58"]
[EventDate "2013.01.11"]

1. d4 Nf6 2. c4 e6 3. Nc3 Bb4 4. Qc2 O-O 5. a3 Bxc3+ 6. Qxc3 d5 7. Bg5 c5 8.
dxc5 d4 9. Qc2 (9. Qg3) 9... h6 10. Bd2 (10. Bh4 Nc6 11. O-O-O Qe7 12. Nf3 e5
13. e3 $11) 10... e5 11. e4 (11. e3) 11... a5 $15 12. Rb1 a4 13. Bd3 Nbd7 14.
Bb4 Re8 15. Nf3 Qc7 16. c6 bxc6 17. c5 Nf8 18. Nd2 Be6 (18... Ne6 $15) 19. f3
Nh5 20. g3 g6 21. O-O Qe7 22. Rf2 Red8 23. Kh1 g5 24. Rg1 Qf6 25. b3 axb3 26.
Nxb3 Bxb3 27. Qxb3 Ng7 28. Rc1 Nge6 29. Qd1 Kg7 {Diagrama #} 1/2-1/2